[Event "White Rook U14 Final 2019"]
[Site "Sochi"]
[Date "2019.06.06"]
[Round "2.26"]
[White "Laukhina, Margarita A."]
[Black "Arhipov, Egor"]
[Result "1/2-1/2"]
[WhiteElo "1489"]
[BlackElo "1390"]
[Annotator "NA RC"]
[PlyCount "98"]
[EventDate "2019.06.02"]
[EventCountry "RUS"]
[SourceTitle "playchess.com"]
[Source "ChessBase"]
[SourceQuality "1"]
[TimeControl "5400+30"]

1. d4 {[%emt 0:00:00]} Nf6 {[%emt 0:00:00]} 2. c4 {[%emt 0:00:00]} e6 {[%emt 0:00:00]} 3. Nf3 {[%emt 0:00:00]} b6 {[%emt 0:04:03]} 4. g3 {[%emt 0:00:36]} Bb7 {[%emt 0:01:27]} 5. Bg2 {[%emt 0:00:10]} c5 {[%emt 0:05:19]} 6. O-O {[%emt 0:03:26]} Be7 {[%emt 0:03:16]} 7. Nc3 {[%emt 0:04:33]} O-O {[%emt 0:06:32]} 8. d5 {[%emt 0:02:01]} exd5 {[%emt 0:00:55]} 9. cxd5 {[%emt 0:00:40]} d6 {[%emt 0:00:23]} 10. e4 {[%emt 0:01:45]} Nbd7 {[%emt 0:00:59]} 11. h3 {[%emt 0:02:02]} Ba6 {[%emt 0:07:39]} 12. Re1 {[%emt 0:00:00]} Rc8 {[%emt 0:09:51]} 13. Bf4 {[%emt 0:05:47]} Qc7 {[%emt 0:06:35]} 14. e5 {[%emt 0:08:18]} dxe5 {[%emt 0:00:33]} 15. Nxe5 {[%emt 0:03:38]} Bd6 {[%emt 0:01:09]} 16. Nxd7 {[%emt 0:00:00]} Qxd7 {[%emt 0:00:52]} 17. Bg5 {[%emt 0:03:18]} Rfe8 {[%emt 0:09:07]} 18. Bxf6 {[%emt 0:03:29]} gxf6 {[%emt 0:00:04]} 19. Ne4 {[%emt 0:03:56]} Be7 {[%emt 0:04:29]} 20. Qf3 {[%emt 0:05:12]} f5 {[%emt 0:10:42]} 21. Nc3 {[%emt 0:01:53]} Bf6 {[%emt 0:01:36]} 22. h4 {[%emt 0:01:09]} Rcd8 {[%emt 0:05:32]} 23. Qf4 {[%emt 0:04:43]} Bd3 {[%emt 0:04:55]} 24. a4 {[%emt 0:04:11]} a6 {[%emt 0:05:31]} 25. Qd2 {[%emt 0:02:59]} c4 {[%emt 0:01:12]} 26. Ne2 {[%emt 0:01:25]} Re7 {[%emt 0:03:50]} 27. Nf4 {[%emt 0:01:19]} Rde8 {[%emt 0:03:06]} 28. Rxe7 {[%emt 0:00:24]} Rxe7 {[%emt 0:00:32]} 29. Nxd3 {[%emt 0:01:21]} cxd3 {[%emt 0:00:36]} 30. Qxd3 {[%emt 0:00:00]} a5 {[%emt 0:01:06]} 31. Ra2 {[%emt 0:01:39]} Re1+ {[%emt 0:00:03]} 32. Kh2 {[%emt 0:00:45]} f4 {[%emt 0:00:48]} 33. Be4 {[%emt 0:01:31]} fxg3+ {[%emt 0:00:52]} 34. fxg3 {[%emt 0:00:56]} Qg4 {[%emt 0:01:14]} 35. Bxh7+ {[%emt 0:01:39]} Kg7 {[%emt 0:00:20]} 36. b3 {[%emt 0:01:39]} Rd1 {[%emt 0:01:22]} 37. Qf5 {[%emt 0:02:13]} Qxf5 {[%emt 0:01:08]} 38. Bxf5 {[%emt 0:00:00]} Rxd5 {[%emt 0:00:02]} 39. Rf2 {[%emt 0:01:33]} Be7 {[%emt 0:00:35]} 40. Kh3 {[%emt 0:01:35]} Bc5 {[%emt 0:00:00]} 41. Rf3 {[%emt 0:00:09]} Re5 {[%emt 0:00:27]} 42. h5 {[%emt 0:00:49]} Re3 {[%emt 0:01:04]} 43. Rxe3 {[%emt 0:00:27]} Bxe3 {[%emt 0:00:00]} 44. g4 {[%emt 0:00:18]} f6 {[%emt 0:00:00]} 45. Kg3 {[%emt 0:00:43]} Kf7 {[%emt 0:00:00]} 46. Kf3 {[%emt 0:00:00]} Bg5 {[%emt 0:00:23]} 47. Ke4 {[%emt 0:00:20]} Kg7 {[%emt 0:00:16]} 48. Kd5 {[%emt 0:00:06]} Be3 {[%emt 0:00:00]} 49. Ke6 {[%emt 0:00:11]} Bd4 {[%emt 0:00:00]} 1/2-1/2

[Event "White Rook U14 Final 2019"]
[Site "Sochi"]
[Date "2019.06.06"]
[Round "2.27"]
[White "Minakov, Artemij"]
[Black "Tolmaev, Georgy"]
[Result "1/2-1/2"]
[WhiteElo "1426"]
[BlackElo "1302"]
[Annotator "NA RC"]
[PlyCount "116"]
[EventDate "2019.06.02"]
[EventCountry "RUS"]
[SourceTitle "playchess.com"]
[Source "ChessBase"]
[SourceQuality "1"]
[TimeControl "5400+30"]

1. Nf3 {[%emt 0:00:00]} e6 {[%emt 0:00:14]} 2. g3 {[%emt 0:00:03]} d5 {[%emt 0:00:27]} 3. d4 {[%emt 0:01:49]} f5 {[%emt 0:00:15]} 4. Bg2 {[%emt 0:00:28]} Nf6 {[%emt 0:00:16]} 5. b3 {[%emt 0:01:35]} c6 {[%emt 0:01:11]} 6. Bb2 {[%emt 0:01:33]} Bd6 {[%emt 0:00:59]} 7. Nbd2 {[%emt 0:04:53]} O-O {[%emt 0:00:39]} 8. Ne5 {[%emt 0:02:26]} Nbd7 {[%emt 0:00:57]} 9. Ndf3 {[%emt 0:00:31]} Ne4 {[%emt 0:00:45]} 10. e3 {[%emt 0:01:11]} Bb4+ {[%emt 0:00:33]} 11. Ke2 {[%emt 0:03:26]} Bc3 {[%emt 0:04:23]} 12. Qc1 {[%emt 0:00:33]} Qa5 {[%emt 0:02:28]} 13. Bxc3 {[%emt 0:07:16]} Nxc3+ {[%emt 0:00:25]} 14. Kf1 {[%emt 0:00:15]} b6 {[%emt 0:15:24]} 15. Qd2 {[%emt 0:07:55]} Qb5+ {[%emt 0:02:34]} 16. Nd3 {[%emt 0:00:28]} Ne4 {[%emt 0:00:30]} 17. Qb4 {[%emt 0:02:17]} Qxb4 {[%emt 0:01:52]} 18. Nxb4 {[%emt 0:00:09]} c5 {[%emt 0:00:05]} 19. Nd3 {[%emt 0:00:48]} Ba6 {[%emt 0:01:16]} 20. Nfe1 {[%emt 0:03:19]} Rac8 {[%emt 0:00:15]} 21. f3 {[%emt 0:02:47]} Nd6 {[%emt 0:01:22]} 22. Kf2 {[%emt 0:07:37]} Bxd3 {[%emt 0:03:30]} 23. Nxd3 {[%emt 0:01:43]} cxd4 {[%emt 0:01:04]} 24. Rac1 {[%emt 0:00:10]} dxe3+ {[%emt 0:01:28]} 25. Kxe3 {[%emt 0:00:14]} Nc5 {[%emt 0:00:25]} 26. Ne5 {[%emt 0:01:32]} Nf7 {[%emt 0:03:14]} 27. Kd4 {[%emt 0:01:14]} Nxe5 {[%emt 0:01:49]} 28. Kxe5 {[%emt 0:01:02]} Kf7 {[%emt 0:00:07]} 29. Rhd1 {[%emt 0:00:30]} Nd7+ {[%emt 0:02:00]} 30. Kd4 {[%emt 0:02:59]} Rc5 {[%emt 0:00:57]} 31. f4 {[%emt 0:03:29]} Rfc8 {[%emt 0:02:05]} 32. c3 {[%emt 0:03:27]} Nf6 {[%emt 0:05:07]} 33. Rd2 {[%emt 0:01:59]} Ne4 {[%emt 0:02:40]} 34. Rdc2 {[%emt 0:01:07]} Kf6 {[%emt 0:00:50]} 35. Bf1 {[%emt 0:04:01]} h6 {[%emt 0:05:32]} 36. Bd3 {[%emt 0:04:52]} Nd6 {[%emt 0:02:53]} 37. Bf1 {[%emt 0:01:50]} g5 {[%emt 0:01:08]} 38. Rg2 {[%emt 0:05:05]} Ne4 {[%emt 0:01:10]} 39. Rgc2 {[%emt 0:00:41]} g4 {[%emt 0:00:06]} 40. Bd3 {[%emt 0:06:09]} h5 {[%emt 0:00:25]} 41. b4 {[%emt 0:00:21]} R5c7 {[%emt 0:01:06]} 42. c4 {[%emt 0:00:25]} Rd8 {[%emt 0:09:17]} 43. c5 {[%emt 0:04:07]} bxc5+ {[%emt 0:00:25]} 44. bxc5 {[%emt 0:00:34]} Rb8 {[%emt 0:00:08]} 45. Bxe4 {[%emt 0:00:30]} Rb4+ {[%emt 0:07:39]} 46. Kd3 {[%emt 0:01:47]} fxe4+ {[%emt 0:00:18]} 47. Ke3 {[%emt 0:00:24]} Kf5 {[%emt 0:00:35]} 48. c6 {[%emt 0:00:33]} e5 {[%emt 0:00:19]} 49. Rc5 {[%emt 0:00:15]} Rd4 {[%emt 0:02:04]} 50. Rb5 {[%emt 0:01:48]} Rd3+ {[%emt 0:00:53]} 51. Ke2 {[%emt 0:00:34]} exf4 {[%emt 0:00:15]} 52. gxf4 {[%emt 0:01:14]} Ke6 {[%emt 0:00:06]} 53. Rb8 {[%emt 0:00:23]} g3 {[%emt 0:02:40]} 54. hxg3 {[%emt 0:03:25]} Rxg3 {[%emt 0:00:17]} 55. Re8+ {[%emt 0:00:04]} Kf7 {[%emt 0:00:03]} 56. Rd8 {[%emt 0:00:08]} Rd3 {[%emt 0:01:04]} 57. Rh8 {[%emt 0:00:48]} Ke6 {[%emt 0:00:08]} 58. Rxh5 {[%emt 0:03:12]} Rf3 {[%emt 0:00:54]} 1/2-1/2

[Event "White Rook U14 Final 2019"]
[Site "Sochi"]
[Date "2019.06.06"]
[Round "2.28"]
[White "Karaseni, Ekaterina"]
[Black "Nazarova, Ekaterina"]
[Result "1-0"]
[WhiteElo "1293"]
[BlackElo "1221"]
[Annotator "NA RC"]
[PlyCount "145"]
[EventDate "2019.06.02"]
[EventCountry "RUS"]
[SourceTitle "playchess.com"]
[Source "ChessBase"]
[SourceQuality "1"]
[TimeControl "5400+30"]

1. e4 {[%emt 0:00:00]} e5 {[%emt 0:00:10]} 2. f4 {[%emt 0:00:03]} d5 {[%emt 0:00:41]} 3. exd5 {[%emt 0:00:11]} e4 {[%emt 0:00:06]} 4. Nc3 {[%emt 0:01:40]} Nf6 {[%emt 0:05:31]} 5. Bc4 {[%emt 0:03:39]} Bc5 {[%emt 0:14:01]} 6. d4 {[%emt 0:02:47]} Bb4 {[%emt 0:07:32]} 7. Nge2 {[%emt 0:06:30]} Nxd5 {[%emt 0:06:45]} 8. Bxd5 {[%emt 0:01:01]} Qxd5 {[%emt 0:02:51]} 9. O-O {[%emt 0:02:23]} Qc6 {[%emt 0:06:34]} 10. f5 {[%emt 0:05:52]} Nd7 {[%emt 0:07:07]} 11. Qe1 {[%emt 0:04:48]} Qf6 {[%emt 0:08:42]} 12. Qg3 {[%emt 0:05:48]} Bd6 {[%emt 0:07:08]} 13. Nxe4 {[%emt 0:04:47]} Bxg3 {[%emt 0:05:29]} 14. Nxf6+ {[%emt 0:00:09]} Nxf6 {[%emt 0:00:05]} 15. Nxg3 {[%emt 0:00:20]} O-O {[%emt 0:02:30]} 16. Bf4 {[%emt 0:02:57]} c6 {[%emt 0:01:17]} 17. Rae1 {[%emt 0:01:39]} Bd7 {[%emt 0:02:03]} 18. Bd6 {[%emt 0:02:29]} Rfe8 {[%emt 0:00:24]} 19. c3 {[%emt 0:03:37]} Ng4 {[%emt 0:03:35]} 20. Be5 {[%emt 0:12:45]} Nh6 {[%emt 0:04:19]} 21. f6 {[%emt 0:06:47]} g6 {[%emt 0:02:00]} 22. h3 {[%emt 0:01:09]} Nf5 {[%emt 0:02:11]} 23. Nxf5 {[%emt 0:00:35]} Bxf5 {[%emt 0:00:07]} 24. Re3 {[%emt 0:02:31]} h5 {[%emt 0:02:55]} 25. Rfe1 {[%emt 0:04:02]} Rac8 {[%emt 0:02:09]} 26. Bd6 {[%emt 0:02:49]} Rxe3 {[%emt 0:00:29]} 27. Rxe3 {[%emt 0:00:14]} Rd8 {[%emt 0:00:57]} 28. Bc5 {[%emt 0:02:12]} a6 {[%emt 0:00:49]} 29. Re7 {[%emt 0:01:20]} Rd7 {[%emt 0:01:01]} 30. Kf2 {[%emt 0:00:45]} Kh7 {[%emt 0:02:42]} 31. Kf3 {[%emt 0:01:08]} Kh6 {[%emt 0:01:10]} 32. g4 {[%emt 0:01:34]} hxg4+ {[%emt 0:00:45]} 33. hxg4 {[%emt 0:00:04]} Be6 {[%emt 0:00:53]} 34. Rxd7 {[%emt 0:00:56]} Bxd7 {[%emt 0:00:03]} 35. Kf4 {[%emt 0:04:31]} b5 {[%emt 0:00:47]} 36. Bf8+ {[%emt 0:00:37]} Kh7 {[%emt 0:00:23]} 37. g5 {[%emt 0:00:23]} Be6 {[%emt 0:01:00]} 38. a3 {[%emt 0:00:21]} Bd5 {[%emt 0:00:30]} 39. Ke5 {[%emt 0:00:18]} a5 {[%emt 0:00:27]} 40. a4 {[%emt 0:02:27]} bxa4 {[%emt 0:00:10]} 41. Kd6 {[%emt 0:00:39]} Kg8 {[%emt 0:00:17]} 42. Be7 {[%emt 0:00:20]} Kh7 {[%emt 0:00:16]} 43. Kc5 {[%emt 0:00:40]} a3 {[%emt 0:00:16]} 44. bxa3 {[%emt 0:00:21]} a4 {[%emt 0:00:07]} 45. Kb4 {[%emt 0:00:08]} Bb3 {[%emt 0:00:16]} 46. c4 {[%emt 0:00:20]} Kg8 {[%emt 0:00:33]} 47. d5 {[%emt 0:00:17]} cxd5 {[%emt 0:00:36]} 48. cxd5 {[%emt 0:01:01]} Bxd5 {[%emt 0:00:15]} 49. Kxa4 {[%emt 0:00:02]} Bc6+ {[%emt 0:00:01]} 50. Kb4 {[%emt 0:00:02]} Ba8 {[%emt 0:00:37]} 51. a4 {[%emt 0:00:06]} Kh7 {[%emt 0:00:59]} 52. a5 {[%emt 0:00:08]} Bb7 {[%emt 0:00:56]} 53. Kb5 {[%emt 0:00:05]} Ba8 {[%emt 0:00:29]} 54. a6 {[%emt 0:00:07]} Bd5 {[%emt 0:00:23]} 55. Kb6 {[%emt 0:00:10]} Kg8 {[%emt 0:00:14]} 56. Kc7 {[%emt 0:00:32]} Kh8 {[%emt 0:00:45]} 57. a7 {[%emt 0:00:31]} Kg8 {[%emt 0:00:41]} 58. Kb8 {[%emt 0:00:11]} Kh7 {[%emt 0:00:40]} 59. a8=Q {[%emt 0:00:06]} Bxa8 {[%emt 0:00:20]} 60. Kxa8 {[%emt 0:00:07]} Kg8 {[%emt 0:00:28]} 61. Kb8 {[%emt 0:00:04]} Kh7 {[%emt 0:00:17]} 62. Kc8 {[%emt 0:00:25]} Kg8 {[%emt 0:00:14]} 63. Kd8 {[%emt 0:00:08]} Kh7 {[%emt 0:00:26]} 64. Ke8 {[%emt 0:00:14]} Kg8 {[%emt 0:00:18]} 65. Bc5 {[%emt 0:00:08]} Kh8 {[%emt 0:00:13]} 66. Kxf7 {[%emt 0:00:11]} Kh7 {[%emt 0:00:13]} 67. Ke8 {[%emt 0:00:07]} Kg8 {[%emt 0:00:11]} 68. f7+ {[%emt 0:00:09]} Kh7 {[%emt 0:00:13]} 69. Ke7 {[%emt 0:00:10]} Kh8 {[%emt 0:00:13]} 70. f8=Q+ {[%emt 0:00:14]} Kh7 {[%emt 0:00:18]} 71. Qf6 {[%emt 0:00:16]} Kg8 {[%emt 0:00:04]} 72. Qxg6+ {[%emt 0:00:14]} Kh8 {[%emt 0:00:18]} 73. Bd4# {[%emt 0:00:23]} 1-0

[Event "White Rook U14 Final 2019"]
[Site "Sochi"]
[Date "2019.06.06"]
[Round "2.29"]
[White "Lotnik, Vladislav"]
[Black "Naumov, Igor"]
[Result "1-0"]
[WhiteElo "1490"]
[BlackElo "1800"]
[Annotator "NA RC"]
[PlyCount "135"]
[EventDate "2019.06.02"]
[EventCountry "RUS"]
[SourceTitle "playchess.com"]
[Source "ChessBase"]
[SourceQuality "1"]
[TimeControl "5400+30"]

1. c4 {[%emt 0:00:00]} Nf6 {[%emt 0:00:02]} 2. Nc3 {[%emt 0:00:06]} e6 {[%emt 0:00:08]} 3. g3 {[%emt 0:00:09]} d5 {[%emt 0:00:18]} 4. cxd5 {[%emt 0:00:51]} exd5 {[%emt 0:00:00]} 5. d4 {[%emt 0:00:19]} Be7 {[%emt 0:00:07]} 6. Bg2 {[%emt 0:00:08]} O-O {[%emt 0:00:09]} 7. Bg5 {[%emt 0:00:26]} c6 {[%emt 0:00:11]} 8. e3 {[%emt 0:00:23]} h6 {[%emt 0:00:11]} 9. Bxf6 {[%emt 0:00:06]} Bxf6 {[%emt 0:00:00]} 10. Nge2 {[%emt 0:00:16]} Bf5 {[%emt 0:00:13]} 11. O-O {[%emt 0:00:19]} Re8 {[%emt 0:00:09]} 12. Rc1 {[%emt 0:00:24]} Nd7 {[%emt 0:00:14]} 13. Nf4 {[%emt 0:00:18]} Nb6 {[%emt 0:02:56]} 14. Nd3 {[%emt 0:01:19]} Nc4 {[%emt 0:01:45]} 15. b3 {[%emt 0:00:58]} Bxd3 {[%emt 0:01:04]} 16. Qxd3 {[%emt 0:00:12]} Nd6 {[%emt 0:00:00]} 17. Na4 {[%emt 0:01:16]} Ne4 {[%emt 0:00:45]} 18. Bxe4 {[%emt 0:02:55]} Rxe4 {[%emt 0:00:10]} 19. Nc5 {[%emt 0:00:29]} Re7 {[%emt 0:00:00]} 20. Qd1 {[%emt 0:00:51]} Qd6 {[%emt 0:00:39]} 21. Qg4 {[%emt 0:01:02]} g6 {[%emt 0:02:54]} 22. Rfd1 {[%emt 0:01:10]} h5 {[%emt 0:00:08]} 23. Qf3 {[%emt 0:00:13]} h4 {[%emt 0:02:42]} 24. e4 {[%emt 0:10:11]} Bg7 {[%emt 0:01:46]} 25. e5 {[%emt 0:01:51]} Qc7 {[%emt 0:00:30]} 26. gxh4 {[%emt 0:00:13]} Rf8 {[%emt 0:00:54]} 27. Qg4 {[%emt 0:02:26]} f6 {[%emt 0:03:57]} 28. f4 {[%emt 0:02:45]} fxe5 {[%emt 0:02:47]} 29. fxe5 {[%emt 0:00:14]} Qc8 {[%emt 0:07:06]} 30. Qxc8 {[%emt 0:01:09]} Rxc8 {[%emt 0:00:11]} 31. Rf1 {[%emt 0:00:45]} b6 {[%emt 0:00:35]} 32. Nd3 {[%emt 0:00:05]} Bh6 {[%emt 0:00:25]} 33. Rce1 {[%emt 0:01:38]} Bd2 {[%emt 0:02:16]} 34. Re2 {[%emt 0:00:52]} Bc3 {[%emt 0:00:14]} 35. Rf4 {[%emt 0:00:26]} c5 {[%emt 0:00:50]} 36. dxc5 {[%emt 0:01:13]} bxc5 {[%emt 0:00:37]} 37. Rf6 {[%emt 0:08:20]} Kg7 {[%emt 0:02:30]} 38. Rg2 {[%emt 0:01:19]} Bxe5 {[%emt 0:01:18]} 39. Rgxg6+ {[%emt 0:00:00]} Kh7 {[%emt 0:00:11]} 40. Rh6+ {[%emt 0:00:05]} Kg7 {[%emt 0:00:18]} 41. Rhg6+ {[%emt 0:00:05]} Kh7 {[%emt 0:00:08]} 42. Nxe5 {[%emt 0:00:28]} Rxe5 {[%emt 0:00:11]} 43. Rh6+ {[%emt 0:00:02]} Kg7 {[%emt 0:00:03]} 44. Rhg6+ {[%emt 0:00:03]} Kh7 {[%emt 0:00:05]} 45. Rg5 {[%emt 0:01:02]} Rce8 {[%emt 0:01:15]} 46. Rf7+ {[%emt 0:00:45]} Kh6 {[%emt 0:00:07]} 47. Rf6+ {[%emt 0:00:06]} Kh7 {[%emt 0:00:03]} 48. Rf7+ {[%emt 0:00:05]} Kh6 {[%emt 0:00:06]} 49. Rxe5 {[%emt 0:00:13]} Rxe5 {[%emt 0:00:03]} 50. Rxa7 {[%emt 0:00:08]} Kh5 {[%emt 0:00:06]} 51. Rg7 {[%emt 0:00:38]} Kxh4 {[%emt 0:00:23]} 52. Kf2 {[%emt 0:00:22]} d4 {[%emt 0:00:36]} 53. Rg3 {[%emt 0:00:21]} Re7 {[%emt 0:00:20]} 54. a4 {[%emt 0:00:25]} Ra7 {[%emt 0:00:27]} 55. Ke2 {[%emt 0:00:16]} Rb7 {[%emt 0:00:33]} 56. Kd2 {[%emt 0:00:18]} Rb4 {[%emt 0:00:41]} 57. Kc2 {[%emt 0:00:57]} Rb7 {[%emt 0:01:26]} 58. Rg6 {[%emt 0:00:58]} d3+ {[%emt 0:01:12]} 59. Kc3 {[%emt 0:00:00]} d2 {[%emt 0:00:23]} 60. Rg1 {[%emt 0:00:08]} Kh3 {[%emt 0:00:40]} 61. Rd1 {[%emt 0:01:30]} Kxh2 {[%emt 0:00:05]} 62. Rxd2+ {[%emt 0:00:05]} Kg3 {[%emt 0:00:05]} 63. Rd5 {[%emt 0:00:03]} Kf4 {[%emt 0:00:05]} 64. Rxc5 {[%emt 0:00:07]} Ke4 {[%emt 0:00:05]} 65. Kc4 {[%emt 0:00:10]} Rd7 {[%emt 0:00:18]} 66. Rc6 {[%emt 0:00:24]} Rd1 {[%emt 0:00:18]} 67. Re6+ {[%emt 0:00:11]} Kf5 {[%emt 0:00:02]} 68. Re3 {[%emt 0:00:10]} 1-0

[Event "White Rook U14 Final 2019"]
[Site "Sochi"]
[Date "2019.06.06"]
[Round "2.30"]
[White "Nasedkin, Arseny"]
[Black "Kostornichenko, Yana"]
[Result "1/2-1/2"]
[WhiteElo "1559"]
[BlackElo "1706"]
[Annotator "NA RC"]
[PlyCount "86"]
[EventDate "2019.06.02"]
[EventCountry "RUS"]
[SourceTitle "playchess.com"]
[Source "ChessBase"]
[SourceQuality "1"]
[TimeControl "5400+30"]

1. e4 {[%emt 0:00:00]} c5 {[%emt 0:00:05]} 2. Nf3 {[%emt 0:00:03]} e6 {[%emt 0:00:08]} 3. d4 {[%emt 0:00:02]} cxd4 {[%emt 0:00:06]} 4. Nxd4 {[%emt 0:00:04]} a6 {[%emt 0:00:06]} 5. Bd3 {[%emt 0:00:11]} g6 {[%emt 0:00:06]} 6. O-O {[%emt 0:00:09]} Bg7 {[%emt 0:00:05]} 7. c3 {[%emt 0:00:41]} Ne7 {[%emt 0:01:16]} 8. Be3 {[%emt 0:02:25]} O-O {[%emt 0:05:42]} 9. Nd2 {[%emt 0:01:02]} d5 {[%emt 0:04:35]} 10. exd5 {[%emt 0:07:26]} Nxd5 {[%emt 0:00:22]} 11. Qe2 {[%emt 0:03:34]} Nd7 {[%emt 0:03:36]} 12. Be4 {[%emt 0:04:57]} N7f6 {[%emt 0:04:13]} 13. Rfd1 {[%emt 0:03:50]} Bd7 {[%emt 0:07:51]} 14. Bf3 {[%emt 0:03:42]} Qc7 {[%emt 0:03:06]} 15. c4 {[%emt 0:02:46]} Nxe3 {[%emt 0:01:48]} 16. Qxe3 {[%emt 0:00:41]} Rfe8 {[%emt 0:04:38]} 17. Rac1 {[%emt 0:03:14]} e5 {[%emt 0:02:03]} 18. N4b3 {[%emt 0:00:48]} e4 {[%emt 0:02:35]} 19. Be2 {[%emt 0:03:32]} Ng4 {[%emt 0:01:19]} 20. Bxg4 {[%emt 0:04:03]} Bxg4 {[%emt 0:00:05]} 21. Re1 {[%emt 0:00:57]} Bxb2 {[%emt 0:03:06]} 22. Rc2 {[%emt 0:01:36]} Bg7 {[%emt 0:01:35]} 23. h3 {[%emt 0:01:48]} Bd7 {[%emt 0:01:04]} 24. Nc5 {[%emt 0:13:11]} f5 {[%emt 0:01:32]} 25. Rb1 {[%emt 0:04:52]} Bc6 {[%emt 0:02:33]} 26. Qe2 {[%emt 0:11:04]} Rad8 {[%emt 0:00:39]} 27. Ndb3 {[%emt 0:01:35]} f4 {[%emt 0:03:45]} 28. Qg4 {[%emt 0:02:01]} Bd7 {[%emt 0:05:42]} 29. Nxd7 {[%emt 0:01:40]} Rxd7 {[%emt 0:03:43]} 30. Nc5 {[%emt 0:03:47]} Rde7 {[%emt 0:00:22]} 31. Nb3 {[%emt 0:06:38]} e3 {[%emt 0:00:44]} 32. fxe3 {[%emt 0:00:36]} Rxe3 {[%emt 0:00:33]} 33. Rd1 {[%emt 0:00:55]} Qe5 {[%emt 0:03:56]} 34. Rf2 {[%emt 0:01:16]} Re1+ {[%emt 0:01:12]} 35. Rf1 {[%emt 0:00:35]} Qe3+ {[%emt 0:01:59]} 36. Kh1 {[%emt 0:00:17]} Rxf1+ {[%emt 0:05:35]} 37. Rxf1 {[%emt 0:00:07]} Rf8 {[%emt 0:04:09]} 38. Qd7 {[%emt 0:01:39]} Qe2 {[%emt 0:00:49]} 39. Kg1 {[%emt 0:01:19]} Rf7 {[%emt 0:02:14]} 40. Qd8+ {[%emt 0:00:35]} Bf8 {[%emt 0:00:08]} 41. Qd5 {[%emt 0:00:53]} Qe3+ {[%emt 0:01:27]} 42. Kh1 {[%emt 0:00:37]} Kg7 {[%emt 0:02:06]} 43. Nd4 {[%emt 0:01:05]} b6 {[%emt 0:00:47]} 1/2-1/2

[Event "White Rook U14 Final 2019"]
[Site "Sochi"]
[Date "2019.06.06"]
[Round "2.31"]
[White "Abubekerov, Iliya"]
[Black "Noskov, Alexander"]
[Result "1-0"]
[WhiteElo "1199"]
[BlackElo "1782"]
[Annotator "NA RC"]
[PlyCount "49"]
[EventDate "2019.06.02"]
[EventCountry "RUS"]
[SourceTitle "playchess.com"]
[Source "ChessBase"]
[SourceQuality "1"]
[TimeControl "5400+30"]

1. d4 {[%emt 0:00:00]} d5 {[%emt 0:00:08]} 2. c4 {[%emt 0:00:02]} c6 {[%emt 0:00:06]} 3. Nc3 {[%emt 0:00:02]} Nf6 {[%emt 0:00:06]} 4. Nf3 {[%emt 0:00:07]} g6 {[%emt 0:00:05]} 5. e3 {[%emt 0:00:32]} Bg7 {[%emt 0:00:34]} 6. Be2 {[%emt 0:00:10]} O-O {[%emt 0:00:09]} 7. O-O {[%emt 0:00:03]} a6 {[%emt 0:00:09]} 8. cxd5 {[%emt 0:01:01]} cxd5 {[%emt 0:00:11]} 9. Qb3 {[%emt 0:00:22]} Nc6 {[%emt 0:00:49]} 10. Bd2 {[%emt 0:01:14]} Rb8 {[%emt 0:01:07]} 11. Na4 {[%emt 0:00:34]} b5 {[%emt 0:01:57]} 12. Nc5 {[%emt 0:00:11]} Bb7 {[%emt 0:01:46]} 13. Rfc1 {[%emt 0:00:16]} Qd6 {[%emt 0:01:09]} 14. a4 {[%emt 0:01:25]} b4 {[%emt 0:06:28]} 15. a5 {[%emt 0:05:28]} Rfd8 {[%emt 0:16:37]} 16. Qc2 {[%emt 0:03:00]} Na7 {[%emt 0:15:55]} 17. Bxb4 {[%emt 0:00:17]} Qc6 {[%emt 0:15:25]} 18. Ne5 {[%emt 0:00:19]} Qc8 {[%emt 0:00:53]} 19. Ncd3 {[%emt 0:01:03]} e6 {[%emt 0:03:43]} 20. Qxc8 {[%emt 0:01:46]} Rdxc8 {[%emt 0:01:01]} 21. Bd6 {[%emt 0:00:42]} Ra8 {[%emt 0:00:24]} 22. Nc5 {[%emt 0:01:32]} Bc6 {[%emt 0:00:05]} 23. Bxa6 {[%emt 0:03:59]} Re8 {[%emt 0:00:17]} 24. Nxc6 {[%emt 0:01:58]} Nxc6 {[%emt 0:00:17]} 25. Bb7 {[%emt 0:00:54]} 1-0

[Event "White Rook U14 Final 2019"]
[Site "Sochi"]
[Date "2019.06.06"]
[Round "2.32"]
[White "Suslenkova, Elvira"]
[Black "Kulish, Glafira"]
[Result "1-0"]
[WhiteElo "1359"]
[BlackElo "1379"]
[Annotator "NA RC"]
[PlyCount "93"]
[EventDate "2019.06.02"]
[EventCountry "RUS"]
[SourceTitle "playchess.com"]
[Source "ChessBase"]
[SourceQuality "1"]
[TimeControl "5400+30"]

1. Nf3 {[%emt 0:00:00]} e6 {[%emt 0:00:10]} 2. g3 {[%emt 0:00:08]} Nf6 {[%emt 0:00:06]} 3. Bg2 {[%emt 0:00:04]} Bb4 {[%emt 0:00:51]} 4. O-O {[%emt 0:00:14]} O-O {[%emt 0:00:09]} 5. a3 {[%emt 0:00:16]} Be7 {[%emt 0:01:49]} 6. d4 {[%emt 0:00:33]} d5 {[%emt 0:03:19]} 7. Nbd2 {[%emt 0:00:37]} c5 {[%emt 0:00:47]} 8. c4 {[%emt 0:01:08]} Nc6 {[%emt 0:00:39]} 9. dxc5 {[%emt 0:00:13]} Bxc5 {[%emt 0:00:11]} 10. cxd5 {[%emt 0:00:16]} Nxd5 {[%emt 0:01:59]} 11. Nc4 {[%emt 0:00:39]} Qc7 {[%emt 0:02:07]} 12. b4 {[%emt 0:01:16]} Be7 {[%emt 0:00:42]} 13. Qb3 {[%emt 0:00:22]} Bf6 {[%emt 0:01:33]} 14. Bb2 {[%emt 0:02:41]} Bxb2 {[%emt 0:00:34]} 15. Nxb2 {[%emt 0:00:09]} b5 {[%emt 0:02:12]} 16. Rac1 {[%emt 0:00:39]} Qb6 {[%emt 0:00:32]} 17. Nd3 {[%emt 0:01:22]} Nd4 {[%emt 0:05:00]} 18. Nxd4 {[%emt 0:00:44]} Qxd4 {[%emt 0:00:10]} 19. e3 {[%emt 0:00:51]} Qf6 {[%emt 0:01:56]} 20. Nf4 {[%emt 0:01:25]} Nxf4 {[%emt 0:01:24]} 21. Bxa8 {[%emt 0:02:23]} Ne2+ {[%emt 0:00:08]} 22. Kg2 {[%emt 0:00:09]} Nxc1 {[%emt 0:00:23]} 23. Rxc1 {[%emt 0:00:06]} e5 {[%emt 0:01:52]} 24. Bd5 {[%emt 0:01:45]} Rd8 {[%emt 0:05:08]} 25. Rc7 {[%emt 0:01:33]} Be6 {[%emt 0:00:44]} 26. Bxe6 {[%emt 0:00:11]} fxe6 {[%emt 0:00:03]} 27. Qc2 {[%emt 0:02:01]} e4 {[%emt 0:14:40]} 28. Rc8 {[%emt 0:05:17]} Qf3+ {[%emt 0:02:43]} 29. Kg1 {[%emt 0:01:16]} Qf6 {[%emt 0:04:17]} 30. Qc7 {[%emt 0:02:05]} Rxc8 {[%emt 0:09:07]} 31. Qxc8+ {[%emt 0:02:32]} Kf7 {[%emt 0:00:08]} 32. Qb7+ {[%emt 0:00:23]} Kg6 {[%emt 0:02:45]} 33. Qxe4+ {[%emt 0:00:14]} Qf5 {[%emt 0:00:07]} 34. Qc6 {[%emt 0:03:18]} Qe5 {[%emt 0:02:38]} 35. Qc2+ {[%emt 0:03:28]} Kh6 {[%emt 0:01:22]} 36. Qc1 {[%emt 0:01:05]} Kg6 {[%emt 0:00:07]} 37. h4 {[%emt 0:01:32]} h5 {[%emt 0:00:44]} 38. Qb1+ {[%emt 0:00:51]} Kf6 {[%emt 0:01:32]} 39. Qd3 {[%emt 0:00:55]} Qd5 {[%emt 0:01:18]} 40. Qxd5 {[%emt 0:01:46]} exd5 {[%emt 0:00:07]} 41. Kf1 {[%emt 0:00:03]} Ke5 {[%emt 0:00:13]} 42. Ke2 {[%emt 0:00:11]} g6 {[%emt 0:01:41]} 43. Kd3 {[%emt 0:03:12]} Ke6 {[%emt 0:01:43]} 44. Kd4 {[%emt 0:00:37]} Kd6 {[%emt 0:00:10]} 45. f3 {[%emt 0:00:19]} a6 {[%emt 0:00:29]} 46. g4 {[%emt 0:00:29]} g5 {[%emt 0:01:17]} 47. gxh5 {[%emt 0:00:43]} 1-0